<?xml version="1.0" encoding="UTF-8"?><?xml-stylesheet type="text/xsl" href="static/style.xsl"?><OAI-PMH xmlns="http://www.openarchives.org/OAI/2.0/" xmlns:xsi="http://www.w3.org/2001/XMLSchema-instance" xsi:schemaLocation="http://www.openarchives.org/OAI/2.0/ http://www.openarchives.org/OAI/2.0/OAI-PMH.xsd"><responseDate>2026-04-19T05:38:45Z</responseDate><request verb="GetRecord" identifier="oai:riubu.ubu.es:10259/5113" metadataPrefix="marc">https://riubu.ubu.es/oai/request</request><GetRecord><record><header><identifier>oai:riubu.ubu.es:10259/5113</identifier><datestamp>2022-04-26T11:42:12Z</datestamp><setSpec>com_10259_2699</setSpec><setSpec>col_10259_2705</setSpec></header><metadata><record xmlns="http://www.loc.gov/MARC21/slim" xmlns:doc="http://www.lyncode.com/xoai" xmlns:xsi="http://www.w3.org/2001/XMLSchema-instance" xmlns:dcterms="http://purl.org/dc/terms/" xsi:schemaLocation="http://www.loc.gov/MARC21/slim http://www.loc.gov/standards/marcxml/schema/MARC21slim.xsd">
<leader>00925njm 22002777a 4500</leader>
<datafield tag="042" ind1=" " ind2=" ">
<subfield code="a">dc</subfield>
</datafield>
<datafield tag="720" ind1=" " ind2=" ">
<subfield code="a">Modesto Mata, Mario</subfield>
<subfield code="e">author</subfield>
</datafield>
<datafield tag="260" ind1=" " ind2=" ">
<subfield code="c">2019</subfield>
</datafield>
<datafield tag="520" ind1=" " ind2=" ">
<subfield code="a">En esta investigación estudiamos el número de perikymata y su distribución en todas las piezas&#xd;
dentales, la periodicidad entre estrías de Retzius y el desarrollo dental relativo empleando el teorema de&#xd;
Bayes de los homininos de Atapuerca (Burgos, España). Concretamente estudiamos el hominino de Sima&#xd;
del Elefante (~1,2 Ma), H. antecessor de Gran Dolina-TD6 (~0,86 Ma) y los homininos de la Sima de&#xd;
los Huesos (~0,46 Ma). Nuestros datos indican que el desarrollo dental de los homininos de Atapuerca&#xd;
era más rápido que el de los humanos modernos. Sin embargo, no se han encontrado diferencias en la&#xd;
media de los tiempos de formación del esmalte entre Neandertales y los homininos de la Sima de los&#xd;
Huesos, a pesar de que sus molares presentan un número de perikymata diferente. Además, el desarrollo&#xd;
dental presenta una evolución en mosaico, y que los Neandertales parecen tener una distribución única de&#xd;
perikymata.</subfield>
</datafield>
<datafield tag="520" ind1=" " ind2=" ">
<subfield code="a">In this research we studied the number of perikymata and the distribution of perikymata in all teeth,&#xd;
the periodicity between Retzius striae and and relative dental development using the Bayes theorem of&#xd;
the Atapuerca hominins (Burgos, Spain). Specifically, we studied the Sima del Elefante hominin (~1.2&#xd;
Ma), H. antecessor of Gran Dolina-TD6 (~0.86 Ma) and the Sima de los Huesos hominins (~0.46 Ma).&#xd;
Our data indicate that the dental development of the Atapuerca hominins was faster than that of modern&#xd;
humans. However, no differences were found in the average lateral enamel formation times between Sima&#xd;
de los Huesos and Neandertals, despite their molars present variation in the perikymata counts. A mosaic&#xd;
evolutionary pattern has been observed in the dental development.</subfield>
</datafield>
<datafield tag="024" ind2=" " ind1="8">
<subfield code="a">http://hdl.handle.net/10259/5113</subfield>
</datafield>
<datafield tag="024" ind2=" " ind1="8">
<subfield code="a">10.36443/10259/5113</subfield>
</datafield>
<datafield ind1=" " ind2=" " tag="653">
<subfield code="a">dientes</subfield>
</datafield>
<datafield ind1=" " ind2=" " tag="653">
<subfield code="a">perikymata</subfield>
</datafield>
<datafield ind1=" " ind2=" " tag="653">
<subfield code="a">teorema de Bayes</subfield>
</datafield>
<datafield ind1=" " ind2=" " tag="653">
<subfield code="a">homininos de Atapuerca</subfield>
</datafield>
<datafield ind1=" " ind2=" " tag="653">
<subfield code="a">Neandertales</subfield>
</datafield>
<datafield ind1=" " ind2=" " tag="653">
<subfield code="a">tooth</subfield>
</datafield>
<datafield ind1=" " ind2=" " tag="653">
<subfield code="a">Bayes theorem</subfield>
</datafield>
<datafield ind1=" " ind2=" " tag="653">
<subfield code="a">Atapuerca hominins</subfield>
</datafield>
<datafield ind1=" " ind2=" " tag="653">
<subfield code="a">Neandertals</subfield>
</datafield>
<datafield tag="245" ind1="0" ind2="0">
<subfield code="a">Histología dental de los homininos de la sierra de Atapuerca (Burgos, España) y patrón de estrategia de vida</subfield>
</datafield>
</record></metadata></record></GetRecord></OAI-PMH>